[Sobre blanc en format DIN-A5 del Cercle de Voluntaris dels Parcs Naturals]
Descripción Física:
1 sobre DIN-A5 ; 184 x 261 mm
MARC
| LEADER | 00000nrm a2200000 a 4500 | ||
|---|---|---|---|
| 001 | 24064 | ||
| 008 | 160829s9999 xx 000 0 cat d | ||
| 080 | |a NBM-8-16 | ||
| 245 | |a [Sobre blanc en format DIN-A5 del Cercle de Voluntaris dels Parcs Naturals] | ||
| 260 | |a [Barcelona] : |b Diputació de Barcelona, s.a. | ||
| 300 | |a 1 sobre DIN-A5 ; |c 184 x 261 mm | ||
| 650 | 0 | |a Parcs Naturals |z Barcelona (Catalunya : Província) |9 49557 | |
| 650 | 0 | |a Voluntaris ambientals |z Barcelona (Catalunya : Província) | |
| 650 | 0 | |a Objectes publicitaris |9 54098 | |
| 710 | |a Cercle de Voluntaris dels Parcs Naturals (Barcelona, Catalunya) |9 56319 | ||
| 901 | |a Arxiu | ||
| 942 | |n 1 |2 udc | ||
| 952 | |0 0 |1 0 |4 0 |6 NBM816 |7 1 |9 55207 |a Arxiu |b Arxiu |d 2016-12-01 |l 0 |o NBM-8-16 |p 24064 |r 2016-12-01 00:00:00 |w 2016-12-01 |y ARXIU | ||
| 999 | |c 59079 |d 59079 | ||